Early childhood education : history, philosophy and experience
Uloženo v:
| Hlavní autor: | |
|---|---|
| Médium: | Kniha |
| Jazyk: | angličtina |
| Vydáno: |
Sage,
|
| Tagy: |
Přidat tag
Žádné tagy, Buďte první, kdo vytvoří štítek k tomuto záznamu!
|
MARC
| LEADER | 00000nam a22000007a 4500 | ||
|---|---|---|---|
| 008 | 210806b ||||| |||| 00| 0 eng d | ||
| 020 | |a ISBN: 978-1-4462-6786-8 | ||
| 100 | |a NUTBROWN, Cathy. | ||
| 245 | |a Early childhood education |b : history, philosophy and experience |g . xi; 202p.; ill. | ||
| 250 | |b 2nd ed.- |c Cathy Nutbrown and Peter Clough | ||
| 260 | |b Sage, |h London: |i 692376 – Edu. |i 692377 |l LB1139.23 .N95 |m 1. Education |m I. Early childhood Education | ||
| 500 | |a “It includes references and index” | ||
| 942 | |a lcc |c BK |e j . o. ifatola |f 06/ 08/ 2021 |d Adeniran, F. A | ||
| 952 | |0 0 |1 0 |2 lcc |4 0 |6 LB113923 N95 |7 0 |9 2941 |a HOL |b ED |c LP |d 2021-08-06 |l 0 |o LB1139.23 .N95 |p 2021-66617 |r 2021-08-06 00:00:00 |w 2021-08-06 |y BK | ||
| 952 | |0 0 |1 0 |2 lcc |4 0 |7 0 |9 2942 |a HOL |b HOL |c LP |d 2021-08-06 |o LB1139.23 .N95 |p 2021-66618 |r 2021-08-06 00:00:00 |w 2021-08-06 |y BK | ||
| 999 | |c 1490 |d 1490 | ||